| 000 | 00441pab a2200169 454500 | ||
|---|---|---|---|
| 008 | 180718b2015 xxu||||| |||| 00| 0 eng d | ||
| 100 | _aBanfield, Andrew | ||
| 245 | _aActivism or democracy? judicial review of prerogative powers and executive action | ||
| 260 | _c2015 | ||
| 300 | _ap.135-153. | ||
| 362 | _aJan | ||
| 650 | _aJudiciary | ||
| 700 | _aFlynn, Greg | ||
| 773 | _aParliamentary Affairs | ||
| 908 | _a | ||
| 909 | _a108153 | ||
| 999 |
_c108148 _d108148 |
||